Export cikkek kiállítása [kép] /

Elmentve itt :
Bibliográfiai részletek
Szerző: Somogyi Károlyné Neurohr Magdolna
Dokumentumtípus: Cikk
Megjelent: 1965-06-30
Sorozat:Délmagyarország 55 No. 152
Kulcsszavak:Juhász Gyula Művelődési Központ, Textilipar kiállítás Szeged 1965, ipari kiállítások
Online Access:http://dmarchiv.bibl.u-szeged.hu/67795
LEADER 00581nab a2200157 i 4500
001 delm67795
005 20180927153736.0
008 180927s1965 hu o 0|| hun d
040 |a SZTE Délmagyarország Archívum  |b hun 
041 |a hun 
100 2 |a Somogyi Károlyné Neurohr Magdolna 
245 1 0 |a Export cikkek kiállítása   |h [elektronikus dokumentum] :  |b [kép] /  |c  Somogyi Károlyné Neurohr Magdolna 
260 |c 1965-06-30 
300 |a 1 
490 0 |a Délmagyarország  |v 55 No. 152 
695 |a Juhász Gyula Művelődési Központ, Textilipar kiállítás Szeged 1965, ipari kiállítások